| 000 | 00352nam a2200133Ia 4500 | ||
|---|---|---|---|
| 005 | 20260328104310.0 | ||
| 008 | 260328s9999||||xx |||||||||||||| ||und|| | ||
| 100 | _aFernández, Luis | ||
| 245 | 0 |
_aAtlas Arquitectura del Siglo XXI América / _cLuis Fernández |
|
| 260 | _bFundación BBVA | ||
| 300 | _a320 p. | ||
| 650 | _aARQUITECTURA | ||
| 942 | _cBK | ||
| 999 |
_c10939 _d10939 |
||